| 000 | 00833nam a2200229 a 4500 | ||
|---|---|---|---|
| 001 | 000025904 | ||
| 005 | 20240412074252.0 | ||
| 008 | 110224s2003 dr 000 0 spa d | ||
| 020 | _a9993422452 | ||
| 040 |
_aDO-SdBNP _bspa _cBNPHU |
||
| 082 |
_aRD863.44 _bM181p |
||
| 100 | 1 |
_aMadera, José _912422 |
|
| 245 | 1 | 0 |
_aPasado pesado : _bel genoma de la corrupción / _cJosé Madera. |
| 260 |
_aSanto Domingo : _bEl nuevo Diario, _c2003. |
||
| 300 |
_a222 p. ; _c22 cm. |
||
| 500 | _aIncluye datos biográficos del autor en la solapa de la contracubierta. | ||
| 590 | _aInventariado, 2020 /LP | ||
| 650 | 0 |
_aNovela histórica dominicana. _9860 |
|
| 650 | 0 |
_aLiteratura dominicana. _967 |
|
| 651 | 4 |
_aRepública Dominicana _xHistoria _yGOBIERNO COLONIAL ESPAÑOL, 1511-11795 _xNovela _952760 |
|
| 910 | _aValidado. Control de calidad EMS | ||
| 999 |
_c25396 _d25396 |
||